Pilihan terbaik lagu-lagu 60an-70an karaoke [ volume 3

Bibliographic Details
Format: Book
Published: Kuala Lumpur : Serasi Music Sdn Bhd , 19-
Subjects:

MARC

LEADER 00000cam a2200000 7i4500
001 0000041853
005 20010103.0
090 0 0 |a MUZ   |b PIL 
245 0 0 |a Pilihan terbaik lagu-lagu 60an-70an karaoke [  |h cd music] :   |b volume 3 
260 |a Kuala Lumpur :   |b Serasi Music Sdn Bhd ,   |c 19- 
300 |a 1 CD music (45 minutes) :   |b col 
500 |a Library has 1 set copy 
650 0 0 |a Pilihan terbaik lagu-lagu 60an-70an karaoke 
999 |a AV 01277   |b CD MUSIC   |c PINJAMAN   |e PERPUSTAKAAN KOMUNITI PETALING JAYA